01621nam a2200301Ia 4500001000600000003000900006008004100015040001300056040001300069041001300082100001700095100002900112240003100141240003500172242002900207242003400236242000800270245007400278245007300352250001100425260001200436260001300448260004900461300005700510500069700567650002401264650003101288G9230IT-RoPAU130308s9999 xx 000 0 und d aIT-RoPAU cIT-RoPAU aITALIANO aPostman Neil gCodice Aut. SPICS: 2390 aAMUSING OURSELVES to DEATH gCodice Tit. Orig. Spics: T0354 aSE DISTRAIRE a EN MOURIR nCod. Traduzione Titolo: 60269 yFRA aDivertirsi da morire: il discorso pubblico nell'era dello spettacolo  bDivertirsi da Morire: Il Discorso Pubblico nell'era Dello Spettacolo a2a ed. aVENEZIA bMarsilio c2002 [1° Ed.:1986 - Ed.Ling.Originale:1985] a"216 p. (prefazione: no ; testo: 216 [pagine: 0-0])" a"Introduzione di Enrico Menduni. parte Prima: Il mezzo di Comunicazione è la Metafora; Epistemologia dei Mezzi; America Tipografica; Mentalità Tipografica; Mondo del ""Cucu'!"". parte Seconda: Era Dello Spettacolo; ""Ed Ecco Avoi...""; Lunga è la via per Betlemme; possiamo Raggiungerlo e Votare per Lui; insegnare Giocando; profezia di Huxley. Bibliografia. Neil Postman: Unclassico della Sociologia dei Media di Mauro Buonocore: per Non morire di Risate. La Tesi Centrale del Libro è che la Televisione Ha Provocato un Declino della Cultura basata Sul Confronto Razionale e della ""Mentalità Tipografica"" a Beneficio Dello Show Business, con conseguenze Evidenti Sulla Politica." aSAGGI DI SOCIOLOGIA eCodice materia Spics: 3657